000 00301nam a22001337a 4500
008 171215b xxu||||| |||| 00| 0 eng d
020 _a1578200539
041 _aeng
080 _216 ED
_a004
100 _a31
101 _aSHK
245 _aNEWTON S TELECOM DICTIONARY
_cHARRY.N
942 _2udc
_cBK
999 _c39022
_d39022